000 00252nam a2200097Ia 4500
008 230907s9999||||xx |||||||||||||| ||und||
082 _a665.37
_bAMI
245 0 _aBiodiesel : production and properties
260 _aRSC publishing
_bUK
_c2012
942 _cBK
999 _c596281
_d596281